Vplyv cudzoopelenia na šupkatosť slnečnice

Podrobná bibliografia
Hlavný autor: Rekoš, Jozef, 1936- (Autor)
Médium: Článok
Jazyk:slovenčina
Predmet:

MARC

LEADER 00000nab a2200000 a 4500
001 vtls000123402
003 SK-MaSNL
005 20260304062503.0
008 250422c1982 xo 0 slo
015 |a SNBRB19rr/mm-uuuuu 
035 |a CL0133507 
035 |a urn:nbn:sk:snk-abdlaw 
035 |a (urnnbn)urn:nbn:sk:snk:ar-003bst 
035 |a (uuid)afbf447b-392c-4f2a-a313-b9754b215c4a 
040 |a SNKBUCL  |b slo  |c SNKBUCL  |e AACR2 
041 0 |a slo 
044 |a xo  |c SK 
080 |a 633.8  |2 1981 
080 |a 638.1  |2 1981 
100 1 |a Rekoš, Jozef,  |d 1936-  |4 aut  |9 49161 
245 1 0 |a Vplyv cudzoopelenia na šupkatosť slnečnice  |c Jozef Rekoš 
650 0 7 |a slnečnice  |2 snkbucl  |9 27506 
650 0 7 |a opeľovanie  |2 snkbucl  |9 692771 
655 7 |a články z novín a časopisov  |2 snkbucl  |9 267496 
773 0 |t Včelár  |g Roč. 56, č. 8 (1982), s. 174-175 
850 |a Slovenská národná knižnica 
852 |a Slovenská národná knižnica 
954 |a odborná, vedecká literatúra pôvodná (slovenská)  |2 lita 
958 |a article19 
958 |a OND 
958 |a RK 
958 |a EUIPO 
992 |a RBX 
999 |c 2738418  |d 2740348